[Event "OWL-ch U12"]
[Site "Hiddenhausen"]
[Date "2005.01.05"]
[Round "7"]
[White "Wittke, Rene"]
[Black "Plassmann, Niklas"]
[Result "1-0"]
[WhiteElo "1509"]
[BlackElo "999"]
[PlyCount "101"]
[EventDate "2005.01.02"]
[EventType "swiss"]
[EventRounds "7"]
[EventCountry "GER"]
[SourceTitle "EXT 2007"]
[Source "ChessBase"]
[SourceDate "2006.11.23"]
[SourceVersion "1"]
[SourceVersionDate "2006.11.23"]
[SourceQuality "1"]

1. e4 e5 2. Nf3 Nc6 3. Bc4 Nf6 4. d3 Na5 5. Bb3 Nxb3 6. axb3 d6 7. Nc3 Be7 8. 0-0 0-0 9. Be3 b6 10. Qd2 Bg4 11. Ne1 Qd7 12. f4 exf4 13. Bxf4 d5 14. exd5 Nxd5 15. Nxd5 Qxd5 16. Bxc7 Bd6 17. Bxd6 Qxd6 18. Qf4 Qxf4 19. Rxf4 Bd7 20. Nf3 Bc6 21. Re1 Bxf3 22. Rxf3 Rac8 23. c3 Rc7 24. Rfe3 Rd7 25. Kf2 h6 26. Kf3 Rfd8 27. Re8+ Rxe8 28. Rxe8+ Kh7 29. d4 g5 30. Ke4 Kg6 31. Ke5 h5 32. d5 g4 33. d6 h4 34. Re7 Rd8 35. d7 f6+ 36. Kd6 f5 37. Re8 Rxd7+ 38. Kxd7 f4 39. Ke6 Kg5 40. h3 gxh3 41. gxh3 f3 42. Rf8 a5 43. Rxf3 b5 44. Rf5+ Kg6 45. Rf2 a4 46. b4 a3 47. Rg2+ Kh5 48. bxa3 Kh6 49. Kf6 Kh5 50. Rg4 Kh6 51. Rxh4# 1-0